Bilecik Bilecik Bilecik Bilecik Bilecik
Normal view MARC view

Entry Toplantı Adı

Number of records used in: 1

001 - KONTROL NUMARASI

  • Kontrol alanı: 110333

003 - KONTROL NUMARASI KİMLİĞİ

  • Kontrol alanı: TR-BiSEU

005 - SON İŞLEM TARİHİ VE ZAMANI

  • Kontrol alanı: 20260207004235.0

008 - SABİT UZUNLUKTAKİ VERİ ÖGELERİ - GENEL BİLGİ

  • Sabit uzunlukta kontrol alanı: 260207|| aca||aabn | a|a d

040 ## - KATALOGLAMA KAYNAĞI

  • Özgün kataloglama kurumu: TR-BiSEU
  • Çeviri kurumu: TR-BiSEU

111 ## - KONU BAŞLIKLARI - TOPLANTI ADI

  • Toplantı adı: Büyük Taarruzun 90. yılında Uluslararası Milli Mücadele ve Zafer Yolu Sempozyumu( 2012 : Uşak )

670 ## - BİLGİNİN KAYNAĞI

  • Bilginin alındığı kaynak: KOHA: (TR-BiSEU)59456: Büyük Taarruzun 90. yılında Uluslararası Milli Mücadele ve Zafer Yolu Sempozyumu( 2012 : Uşak ), Büyük Taarruzun 90. yılında Uluslararası Milli Mücadele ve Zafer Yolu Sempozyumu, 02-04 Ekim 2012 Uşak =